<?xml version="1.0" encoding="UTF-8"?>
<record
    xmlns:xsi="http://www.w3.org/2001/XMLSchema-instance"
    xsi:schemaLocation="http://www.loc.gov/MARC21/slim http://www.loc.gov/standards/marcxml/schema/MARC21slim.xsd"
    xmlns="http://www.loc.gov/MARC21/slim">

  <leader>01970nam a2200277 a 4500</leader>
  <controlfield tag="001">00003876</controlfield>
  <controlfield tag="003">DO-SdBNP</controlfield>
  <controlfield tag="005">20180312082327.0</controlfield>
  <controlfield tag="007">00003876</controlfield>
  <controlfield tag="008">091118s2002    dr ac         000 0 spa d</controlfield>
  <datafield tag="020" ind1=" " ind2=" ">
    <subfield code="a">9993487333 </subfield>
  </datafield>
  <datafield tag="040" ind1=" " ind2=" ">
    <subfield code="a">BNPHU</subfield>
    <subfield code="b">spa</subfield>
    <subfield code="c">BNPHU</subfield>
  </datafield>
  <datafield tag="092" ind1=" " ind2=" ">
    <subfield code="a">xxxx</subfield>
    <subfield code="b">xxxx</subfield>
  </datafield>
  <datafield tag="245" ind1="0" ind2="0">
    <subfield code="a">Antolog&#xED;a literaria 2 :</subfield>
    <subfield code="b">educaci&#xF3;n media /</subfield>
    <subfield code="c">ilustraci&#xF3;n Ruddy N&#xFA;&#xF1;ez ; editor Manuel Garc&#xED;a Cartagena.</subfield>
  </datafield>
  <datafield tag="260" ind1=" " ind2=" ">
    <subfield code="a">Santo Domingo :</subfield>
    <subfield code="b">Santillana,</subfield>
    <subfield code="c">2002.</subfield>
  </datafield>
  <datafield tag="300" ind1=" " ind2=" ">
    <subfield code="a">151 p. :</subfield>
    <subfield code="b">il., retrs. ; </subfield>
    <subfield code="c">28 cm. </subfield>
  </datafield>
  <datafield tag="490" ind1="1" ind2=" ">
    <subfield code="a">Umbral </subfield>
  </datafield>
  <datafield tag="505" ind1="0" ind2=" ">
    <subfield code="g">v .2</subfield>
    <subfield code="g">2do. curso/Primer ciclo</subfield>
    <subfield code="g">Unidad 1</subfield>
    <subfield code="t">El prerromanticismo --</subfield>
    <subfield code="g">Unidad 2</subfield>
    <subfield code="t">El romanticismo en hispanoam&#xE9;rica --</subfield>
    <subfield code="g">Unidad 3</subfield>
    <subfield code="t">Obras maestras del romanticismo --</subfield>
    <subfield code="g">Unidad 4</subfield>
    <subfield code="t">Literatura gauchesca. Realismo y costumbrismo --</subfield>
    <subfield code="g">Unidad 5</subfield>
    <subfield code="t">Preculsores del modernismo --</subfield>
    <subfield code="g">Unidad 6</subfield>
    <subfield code="t">El per&#xED;odo modernista --</subfield>
    <subfield code="g">Unidad 7</subfield>
    <subfield code="t">Neoclasicismo y prerromanticismo en Europa --</subfield>
    <subfield code="g">Unidad 8</subfield>
    <subfield code="t">El romanticismo europeo --</subfield>
    <subfield code="g">Unidad 9</subfield>
    <subfield code="t">El realismo en Europa --</subfield>
    <subfield code="g">Unidad 10</subfield>
    <subfield code="t">La modernidad en Europa --</subfield>
    <subfield code="g">Unidad 11</subfield>
    <subfield code="t">El final del siglo XIX en Europa --</subfield>
    <subfield code="g">Unidad 12</subfield>
    <subfield code="t">Teatro y pensamiento en Europa --</subfield>
  </datafield>
  <datafield tag="505" ind1="0" ind2=" ">
    <subfield code="g">v. 4</subfield>
    <subfield code="g">2do curso/ Segundo ciclo</subfield>
    <subfield code="g">Unidad 1</subfield>
    <subfield code="t">Primeros proyectos po&#xE9;ticos dominicanos --</subfield>
    <subfield code="g">Unidad 2</subfield>
    <subfield code="t">Letras dominicanas de los a&#xF1;os 1940 --</subfield>
    <subfield code="g">Unidad 3</subfield>
    <subfield code="t">Letras en son de guerra --</subfield>
    <subfield code="g">Unidad 4</subfield>
    <subfield code="t">Con la letra de mujer --</subfield>
    <subfield code="g">Unidad 5</subfield>
    <subfield code="t">Poes&#xED;a de la crisis, crisis de la poes&#xED;a --</subfield>
    <subfield code="g">Unidad 6</subfield>
    <subfield code="t">Los nuevos prosistas --</subfield>
    <subfield code="g">Unidad 7</subfield>
    <subfield code="t">Poetas vanguardistas hispanoamericanos --</subfield>
    <subfield code="g">Unidad 8</subfield>
    <subfield code="t">Narrativa postmodernista hispanoamericana --</subfield>
    <subfield code="g">Unidad 9</subfield>
    <subfield code="t">Hispanoam&#xE9;ricana: medio siglo de poetas --</subfield>
    <subfield code="g">Unidad 10</subfield>
    <subfield code="t">El boom de la novela hispanoamericana --</subfield>
    <subfield code="g">Unidad 11</subfield>
    <subfield code="t">Escritoras hispanoamericanas --</subfield>
    <subfield code="g">Unidad 12</subfield>
    <subfield code="t">Hispanoam&#xE9;rica: &#xBF;que se cuenta hoy?</subfield>
  </datafield>
  <datafield tag="700" ind1="1" ind2="2">
    <subfield code="a">N&#xFA;&#xF1;ez, Ruddy ,</subfield>
    <subfield code="e">il.</subfield>
  </datafield>
  <datafield tag="700" ind1="1" ind2="2">
    <subfield code="a">Garc&#xED;a Cartagena, Manuel,</subfield>
    <subfield code="e">ed.</subfield>
  </datafield>
  <datafield tag="830" ind1=" " ind2="0">
    <subfield code="a">Umbral </subfield>
  </datafield>
  <datafield tag="942" ind1=" " ind2=" ">
    <subfield code="2">ddc</subfield>
    <subfield code="c">BK</subfield>
  </datafield>
  <datafield tag="945" ind1=" " ind2=" ">
    <subfield code="a">inventariado, 2018 / dg</subfield>
  </datafield>
  <datafield tag="952" ind1=" " ind2=" ">
    <subfield code="0">0</subfield>
    <subfield code="1">0</subfield>
    <subfield code="2">ddc</subfield>
    <subfield code="4">0</subfield>
    <subfield code="7">0</subfield>
    <subfield code="8">CE</subfield>
    <subfield code="a">BPMET</subfield>
    <subfield code="b">BPMET</subfield>
    <subfield code="d">2016-04-21</subfield>
    <subfield code="e">Donaci&#xF3;n</subfield>
    <subfield code="l">0</subfield>
    <subfield code="p">BPMSU16040610</subfield>
    <subfield code="r">2016-04-21</subfield>
    <subfield code="t">v. 1</subfield>
    <subfield code="w">2016-04-21</subfield>
    <subfield code="y">BK</subfield>
  </datafield>
  <datafield tag="952" ind1=" " ind2=" ">
    <subfield code="0">0</subfield>
    <subfield code="1">0</subfield>
    <subfield code="2">ddc</subfield>
    <subfield code="4">0</subfield>
    <subfield code="7">0</subfield>
    <subfield code="8">CE</subfield>
    <subfield code="a">BPMET</subfield>
    <subfield code="b">BPMET</subfield>
    <subfield code="d">2016-04-21</subfield>
    <subfield code="e">Donaci&#xF3;n</subfield>
    <subfield code="l">0</subfield>
    <subfield code="p">BPMSU16040611</subfield>
    <subfield code="r">2016-04-21</subfield>
    <subfield code="t">v. 1, e. 2</subfield>
    <subfield code="w">2016-04-21</subfield>
    <subfield code="y">BK</subfield>
  </datafield>
  <datafield tag="952" ind1=" " ind2=" ">
    <subfield code="0">0</subfield>
    <subfield code="1">0</subfield>
    <subfield code="2">ddc</subfield>
    <subfield code="4">0</subfield>
    <subfield code="7">0</subfield>
    <subfield code="8">CE</subfield>
    <subfield code="a">BPMET</subfield>
    <subfield code="b">BPMET</subfield>
    <subfield code="d">2016-04-21</subfield>
    <subfield code="e">Donaci&#xF3;n</subfield>
    <subfield code="l">0</subfield>
    <subfield code="p">BPMSU16040612</subfield>
    <subfield code="r">2016-04-21</subfield>
    <subfield code="t">v. 1, e. 3</subfield>
    <subfield code="w">2016-04-21</subfield>
    <subfield code="y">BK</subfield>
  </datafield>
  <datafield tag="956" ind1=" " ind2=" ">
    <subfield code="a">LOPEREZ</subfield>
    <subfield code="b">10</subfield>
    <subfield code="c">20160421</subfield>
    <subfield code="l">BPMSU</subfield>
    <subfield code="h">00041</subfield>
  </datafield>
  <datafield tag="999" ind1=" " ind2=" ">
    <subfield code="c">9878</subfield>
    <subfield code="d">9878</subfield>
  </datafield>
</record>
